Relación y descripción del templo real de la Ciudad de la Puebla de los Angeles en la Nueva España, y su Catedral (Record no. 78)

MARC details
000 -CABECERA
campo de control de longitud fija 00980nam a2200193 a 4500
001 - NÚMERO DE CONTROL
campo de control BRCA_90
005 - FECHA Y HORA DE LA ÚLTIMA TRANSACCIÓN
campo de control 20190320202856.0
008 - DATOS DE LONGITUD FIJA--INFORMACIÓN GENERAL
campo de control de longitud fija 930928s1991 mx-#---###---#000-0#spa-#
050 #4 - SIGNATURA TOPOGRÁFICA DE LA BIBLIOTECA DEL CONGRESO
Número de clasificación NA5257.P8
Número de documento/Ítem .T36 1991
100 1# - ENTRADA PRINCIPAL--NOMBRE DE PERSONA
Nombre de persona Tamariz de Carmona, Antonio
9 (RLIN) 348
245 10 - MENCIÓN DE TÍTULO
Título Relación y descripción del templo real de la Ciudad de la Puebla de los Angeles en la Nueva España, y su Catedral
Mención de responsabilidad, etc. Antonio Tamariz de Carmona; prólogo Efraín Castro Morales.
260 ## - PUBLICACIÓN, DISTRIBUCIÓN, ETC.
Lugar de publicación, distribución, etc. Puebla, México
Nombre del editor, distribuidor, etc. Gobierno del Estado de Puebla, Secretaría de Cultura
Fecha de publicación, distribución, etc. 1991.
300 ## - DESCRIPCIÓN FÍSICA
Extensión 195 p.
Dimensiones 21 cm.
440 #0 - MENCIÓN DE SERIE/PUNTO DE ACCESO ADICIONAL--TÍTULO
Título Bibliotheca angelopolitana
Designación de volumen o secuencia 7
9 (RLIN) 349
501 ## - NOTA DE "CON"
Nota de “Con” Con: Puntos que el señor Obispo de la Puebla de los Angeles, Don Juan de Palafox y Mendoza deja encargados y encomendados a las almas de su cargo, al tiempo de partirse de estas provincias, a los reynos de España, 1649
650 14 - PUNTO DE ACCESO ADICIONAL DE MATERIA--TÉRMINO DE MATERIA
Término de materia o nombre geográfico como elemento de entrada Arquitectura de interiores
Subdivisión geográfica Puebla - México
9 (RLIN) 350
700 1# - PUNTO DE ACCESO ADICIONAL--NOMBRE DE PERSONA
Nombre de persona Castro Morales, Efraín
9 (RLIN) 351
942 ## - ELEMENTOS DE PUNTO DE ACCESO ADICIONAL (KOHA)
Fuente del sistema de clasificación o colocación Library of Congress Classification
Tipo de ítem Koha Libros
Holdings
Estado de retiro Estado de pérdida Estado dañado No para préstamo Localización permanente Ubicación/localización actual Fecha de adquisición Total de préstamos Signatura topográfica completa Código de barras Fecha visto por última vez Precio válido a partir de Tipo de ítem Koha
El ejemplar forma parte de la colección y puede ser consultado según las políticas vigentes.       Biblioteca del Museo Franz Mayer (Rogerio Casas-Alatriste) Biblioteca del Museo Franz Mayer (Rogerio Casas-Alatriste) 25/06/2008   NA5257.P8 .T36 1991 00085 22/03/2019 22/03/2019 Libros